Library Banner

Daddyji-Mamaji (Record no. 73579)

MARC details
000 -LEADER
fixed length control field 00353nam a22001457a 4500
005 - DATE AND TIME OF LATEST TRANSACTION
control field 20150804162436.0
008 - FIXED-LENGTH DATA ELEMENTS--GENERAL INFORMATION
fixed length control field 150804b xxu||||| |||| 00| 0 eng d
040 ## - CATALOGING SOURCE
Transcribing agency PK-LaUMT
082 ## - DEWEY DECIMAL CLASSIFICATION NUMBER
Classification number KHC 954.0350924
Item number VED-D
100 ## - MAIN ENTRY--PERSONAL NAME
Personal name Ved mehta
245 ## - TITLE STATEMENT
Title Daddyji-Mamaji
Statement of responsibility, etc Ved mehta
260 ## - PUBLICATION, DISTRIBUTION, ETC. (IMPRINT)
Place of publication, distribution, etc New York
Name of publisher, distributor, etc Pan Books
Date of publication, distribution, etc 1972
300 ## - PHYSICAL DESCRIPTION
Extent 345 p.
942 ## - ADDED ENTRY ELEMENTS (KOHA)
Koha item type Books
Holdings
Withdrawn status Lost status Damaged status Home library Current library Date acquired Full call number Barcode Date last seen Price effective from Koha item type
      UMT Main Campus UMT Main Campus 2015-08-04 KHC 954.0350924 VED-D 69051 2015-08-04 2015-08-04 Books